[Event "Blitz 2018"]
[Site "Saint-Petersburg"]
[Date "2018.12.30"]
[Round "19"]
[Board "58"]
[White "Carlsson Pontus (SWE)"]
[Black "Bindrich Falko (GER)"]
[Result "1-0"]
[LiveChessVersion "1.4.8"]
[BlackElo "2639"]
[WhiteElo "2511"]

1. e4 {[%clk 0:03:02]} c5 {[%clk 0:03:02]} 2. Nf3 {[%clk 0:03:03]} d6
{[%clk 0:03:03]} 3. Bb5+ {[%clk 0:03:04]} Nd7 {[%clk 0:03:05]} 4. d4
{[%clk 0:03:05]} cxd4 {[%clk 0:03:06]} 5. Qxd4 {[%clk 0:03:06]} a6
{[%clk 0:03:07]} 6. Bxd7+ Bxd7 {[%clk 0:03:08]} 7. c4 {[%clk 0:03:08]} e5
{[%clk 0:03:08]} 8. Qd3 {[%clk 0:03:09]} b5 {[%clk 0:03:09]} 9. b3
{[%clk 0:03:08]} h6 {[%clk 0:03:10]} 10. O-O {[%clk 0:03:08]} Nf6
{[%clk 0:03:09]} 11. Nc3 {[%clk 0:03:06]} Qb8 {[%clk 0:03:08]} 12. Be3
{[%clk 0:02:56]} Be7 {[%clk 0:03:08]} 13. Rac1 {[%clk 0:02:50]} bxc4
{[%clk 0:03:01]} 14. bxc4 {[%clk 0:02:49]} O-O {[%clk 0:03:00]} 15. h3
{[%clk 0:02:43]} Rc8 {[%clk 0:02:56]} 16. Rfd1 {[%clk 0:02:41]} Qc7
{[%clk 0:02:54]} 17. Nd2 {[%clk 0:02:39]} Qa5 {[%clk 0:02:40]} 18. Rc2
{[%clk 0:02:32]} Rab8 {[%clk 0:02:33]} 19. Rdc1 {[%clk 0:02:31]} Ba4
{[%clk 0:02:18]} 20. Nxa4 {[%clk 0:02:27]} Qxa4 {[%clk 0:02:19]} 21. Nf1
{[%clk 0:02:21]} Qc6 {[%clk 0:02:20]} 22. f3 {[%clk 0:02:19]} Bd8
{[%clk 0:02:20]} 23. Kh2 {[%clk 0:02:18]} Bb6 {[%clk 0:02:21]} 24. Bxb6
{[%clk 0:02:16]} Qxb6 {[%clk 0:02:17]} 25. Ne3 {[%clk 0:02:17]} Qc5
{[%clk 0:02:07]} 26. Nf5 {[%clk 0:02:15]} Rd8 {[%clk 0:02:06]} 27. Rd1
{[%clk 0:02:12]} Rb6 {[%clk 0:01:58]} 28. Qd2 {[%clk 0:02:06]} Kh7
{[%clk 0:01:40]} 29. Qe1 {[%clk 0:02:06]} g6 {[%clk 0:01:37]} 30. Qh4
{[%clk 0:02:04]} gxf5 {[%clk 0:01:18]} 31. Qxf6 {[%clk 0:02:04]} Qc7
{[%clk 0:01:17]} 32. c5 {[%clk 0:01:52]} Rg8 {[%clk 0:01:12]} 33. Qxf5+
{[%clk 0:01:41]} Rg6 {[%clk 0:01:05]} 34. Rdc1 {[%clk 0:01:39]} Rc6
{[%clk 0:01:00]} 35. cxd6 {[%clk 0:01:09]} Rxc2 {[%clk 0:01:01]} 36. dxc7
{[%clk 0:01:09]} Rxc1 {[%clk 0:01:02]} 37. Qxf7+ {[%clk 0:00:49]} Rg7
{[%clk 0:01:01]} 38. Qf5+ {[%clk 0:00:50]} Rg6 {[%clk 0:01:02]} 39. c8=Q
{[%clk 0:00:45]} 1-0

[Event "Blitz 2018"]
[Site "Saint-Petersburg"]
[Date "2018.12.30"]
[Round "19"]
[Board "59"]
[White "Drygalov Andrey (RUS)"]
[Black "Christiansen Johan-Sebastian (NOR)"]
[Result "0-1"]
[LiveChessVersion "1.4.8"]
[BlackElo "2635"]
[WhiteElo "2509"]

1. e4 {[%clk 0:03:03]} e5 {[%clk 0:03:01]} 2. Nf3 {[%clk 0:03:04]} Nc6
{[%clk 0:03:02]} 3. Bc4 {[%clk 0:03:03]} Nf6 {[%clk 0:03:02]} 4. d3
{[%clk 0:03:04]} Be7 {[%clk 0:03:04]} 5. O-O {[%clk 0:03:01]} O-O
{[%clk 0:03:05]} 6. Re1 {[%clk 0:03:01]} d6 {[%clk 0:03:05]} 7. a4
{[%clk 0:03:03]} Kh8 {[%clk 0:03:03]} 8. a5 {[%clk 0:03:00]} a6 {[%clk 0:03:03]}
9. c3 {[%clk 0:03:01]} Ng8 {[%clk 0:02:57]} 10. d4 {[%clk 0:02:52]} Bg4
{[%clk 0:02:53]} 11. dxe5 {[%clk 0:02:39]} Bxf3 {[%clk 0:02:03]} 12. Qxf3
{[%clk 0:02:40]} Nxe5 {[%clk 0:02:04]} 13. Qe2 {[%clk 0:02:41]} Nxc4
{[%clk 0:02:05]} 14. Qxc4 {[%clk 0:02:42]} Nf6 {[%clk 0:02:06]} 15. Bf4
{[%clk 0:02:32]} Nd7 {[%clk 0:02:06]} 16. Nd2 {[%clk 0:02:30]} Bf6
{[%clk 0:02:05]} 17. Nf3 {[%clk 0:02:30]} Rc8 {[%clk 0:01:55]} 18. Rad1
{[%clk 0:02:14]} Qe7 {[%clk 0:01:57]} 19. Qd5 {[%clk 0:02:15]} Rb8
{[%clk 0:01:31]} 20. Qc4 {[%clk 0:01:56]} Nc5 {[%clk 0:01:15]} 21. e5
{[%clk 0:01:33]} dxe5 {[%clk 0:01:16]} 22. Nxe5 {[%clk 0:01:22]} Bxe5
{[%clk 0:01:14]} 23. Bxe5 {[%clk 0:01:22]} Ne6 {[%clk 0:01:15]} 24. Qg4
{[%clk 0:01:09]} Qc5 {[%clk 0:01:08]} 25. b4 {[%clk 0:00:53]} Qc6
{[%clk 0:01:03]} 26. h4 {[%clk 0:00:30]} Rbd8 {[%clk 0:00:42]} 27. h5
{[%clk 0:00:29]} h6 {[%clk 0:00:43]} 28. Qe2 {[%clk 0:00:14]} Rfe8
{[%clk 0:00:41]} 29. Rxd8 {[%clk 0:00:10]} Rxd8 {[%clk 0:00:42]} 30. Qe3
{[%clk 0:00:09]} Kg8 {[%clk 0:00:40]} 31. Qe2 {[%clk 0:00:06]} Ng5
{[%clk 0:00:30]} 32. Bg3 {[%clk 0:00:05]} Qxc3 {[%clk 0:00:26]} 33. Qe7
{[%clk 0:00:06]} Rc8 {[%clk 0:00:16]} 34. Rd1 {[%clk 0:00:07]} Qb3
{[%clk 0:00:05]} 35. Qd7 {[%clk 0:00:06]} Rf8 {[%clk 0:00:04]} 36. Rd4
{[%clk 0:00:04]} Qb1+ 37. Kh2 Ne6 {[%clk 0:00:06]} 38. Rg4 {[%clk 0:00:05]} Qf5
{[%clk 0:00:07]} 39. Rh4 {[%clk 0:00:06]} Rd8 {[%clk 0:00:07]} 40. Qe7
{[%clk 0:00:06]} Rf8 {[%clk 0:00:04]} 41. Qd7 {[%clk 0:00:06]} Rd8
{[%clk 0:00:06]} 42. Qe7 {[%clk 0:00:07]} Qd5 {[%clk 0:00:05]} 43. Kh1
{[%clk 0:00:03]} Rf8 {[%clk 0:00:05]} 44. Kh2 {[%clk 0:00:04]} Qb5
{[%clk 0:00:05]} 45. Re4 {[%clk 0:00:03]} Qxh5+ {[%clk 0:00:04]} 46. Rh4
{[%clk 0:00:04]} Qb5 {[%clk 0:00:05]} 47. Re4 {[%clk 0:00:05]} Re8
{[%clk 0:00:07]} 48. Qh4 Qf5 49. Re3 {[%clk 0:00:07]} Qg5 {[%clk 0:00:09]} 50.
Qc4 {[%clk 0:00:08]} c6 {[%clk 0:00:10]} 51. Kg1 Qh5 52. Re1 {[%clk 0:00:08]} Rd8
{[%clk 0:00:12]} 53. Qc2 {[%clk 0:00:07]} Qb5 {[%clk 0:00:13]} 54. Qc3
{[%clk 0:00:06]} Qd3 {[%clk 0:00:13]} 55. Qe5 {[%clk 0:00:06]} Qd5
{[%clk 0:00:14]} 56. Qc3 {[%clk 0:00:07]} Qd3 {[%clk 0:00:15]} 57. Qe5
{[%clk 0:00:08]} Qb3 {[%clk 0:00:16]} 58. Qe4 {[%clk 0:00:04]} Rd1
{[%clk 0:00:17]} 59. Rxd1 Qxd1+ 60. Kh2 {[%clk 0:00:07]} Qh5+ {[%clk 0:00:19]}
61. Kg1 {[%clk 0:00:08]} Qd5 {[%clk 0:00:20]} 62. Qe3 {[%clk 0:00:07]} Kh7
{[%clk 0:00:21]} 63. Qb6 {[%clk 0:00:08]} Qd1+ {[%clk 0:00:21]} 64. Kh2 Qh5+ 65.
Kg1 {[%clk 0:00:10]} Qb5 {[%clk 0:00:23]} 66. Qe3 {[%clk 0:00:05]} Qxb4 67. Qd3+
g6 {[%clk 0:00:25]} 68. Qd7 {[%clk 0:00:07]} Qb1+ {[%clk 0:00:05]} 69. Kh2
{[%clk 0:00:08]} Qf5 {[%clk 0:00:04]} 70. Qxb7 {[%clk 0:00:09]} Nd4
{[%clk 0:00:04]} 71. Qxa6 {[%clk 0:00:09]} Qh5+ {[%clk 0:00:06]} 72. Kg1
{[%clk 0:00:09]} Ne2+ {[%clk 0:00:07]} 73. Kf1 {[%clk 0:00:10]} Nc3
{[%clk 0:00:08]} 74. Kg1 {[%clk 0:00:09]} Qd1+ {[%clk 0:00:09]} 75. Kh2
{[%clk 0:00:10]} 0-1

[Event "Blitz 2018"]
[Site "Saint-Petersburg"]
[Date "2018.12.30"]
[Round "19"]
[Board "60"]
[White "Vastrukhin Oleg (RUS)"]
[Black "Alekseev Evgeny (RUS)"]
[Result "1-0"]
[LiveChessVersion "1.4.8"]
[BlackElo "2634"]
[WhiteElo "2488"]

1. Nf3 {[%clk 0:03:02]} c5 {[%clk 0:03:03]} 2. g3 {[%clk 0:03:04]} Nc6
{[%clk 0:03:04]} 3. Bg2 {[%clk 0:03:05]} g6 {[%clk 0:03:05]} 4. O-O
{[%clk 0:03:06]} Bg7 {[%clk 0:03:06]} 5. c4 {[%clk 0:03:07]} e6 {[%clk 0:03:06]}
6. Nc3 {[%clk 0:03:08]} d6 {[%clk 0:03:06]} 7. e3 {[%clk 0:03:06]} Nge7
{[%clk 0:03:07]} 8. d4 {[%clk 0:02:58]} O-O {[%clk 0:03:06]} 9. b3
{[%clk 0:02:29]} cxd4 {[%clk 0:03:04]} 10. Nxd4 {[%clk 0:02:19]} Nxd4
{[%clk 0:02:43]} 11. exd4 {[%clk 0:02:19]} Nf5 {[%clk 0:02:43]} 12. Be3
{[%clk 0:02:13]} Rb8 {[%clk 0:02:35]} 13. Rc1 {[%clk 0:02:11]} a6
{[%clk 0:02:25]} 14. Qd3 {[%clk 0:01:54]} Bd7 {[%clk 0:02:15]} 15. a4
{[%clk 0:01:51]} Qa5 {[%clk 0:02:10]} 16. Ne4 {[%clk 0:01:30]} Qc7
{[%clk 0:02:02]} 17. c5 {[%clk 0:01:21]} d5 {[%clk 0:01:49]} 18. Nd2
{[%clk 0:01:08]} Nxe3 {[%clk 0:01:46]} 19. Qxe3 {[%clk 0:01:02]} a5
{[%clk 0:01:44]} 20. Nf3 {[%clk 0:01:01]} Rfc8 {[%clk 0:01:35]} 21. h4
{[%clk 0:01:00]} b6 {[%clk 0:01:30]} 22. h5 {[%clk 0:00:55]} bxc5
{[%clk 0:01:25]} 23. Rxc5 {[%clk 0:00:50]} Qb6 {[%clk 0:01:26]} 24. h6
{[%clk 0:00:49]} Bf8 {[%clk 0:01:19]} 25. Ne5 {[%clk 0:00:48]} Be8
{[%clk 0:00:55]} 26. Rfc1 {[%clk 0:00:38]} Bxc5 {[%clk 0:00:49]} 27. dxc5
{[%clk 0:00:37]} Qd8 {[%clk 0:00:31]} 28. Ng4 {[%clk 0:00:30]} f6
{[%clk 0:00:13]} 29. Qxe6+ {[%clk 0:00:31]} Kh8 {[%clk 0:00:14]} 30. Nxf6
{[%clk 0:00:26]} Bc6 {[%clk 0:00:11]} 31. Qe5 {[%clk 0:00:15]} Qc7
{[%clk 0:00:12]} 32. Qc3 {[%clk 0:00:10]} d4 {[%clk 0:00:10]} 33. Qxd4
{[%clk 0:00:10]} Rb4 {[%clk 0:00:11]} 34. Qc3 {[%clk 0:00:09]} 1-0

[Event "Blitz 2018"]
[Site "Saint-Petersburg"]
[Date "2018.12.30"]
[Round "19"]
[Board "61"]
[White "Demchenko Anton (RUS)"]
[Black "Abdusattorov Nodirbek (UZB)"]
[Result "0-1"]
[LiveChessVersion "1.4.8"]
[BlackElo "2469"]
[WhiteElo "2572"]

1. e4 {[%clk 0:03:03]} Nf6 {[%clk 0:03:04]} 2. e5 Ng8 3. d4 {[%clk 0:03:04]} d6
{[%clk 0:03:07]} 4. Nf3 {[%clk 0:02:58]} dxe5 {[%clk 0:03:06]} 5. Nxe5
{[%clk 0:02:58]} Nd7 {[%clk 0:02:53]} 6. Nf3 {[%clk 0:02:57]} Ngf6
{[%clk 0:02:53]} 7. Bd3 {[%clk 0:02:47]} b6 {[%clk 0:02:53]} 8. O-O
{[%clk 0:02:46]} Bb7 {[%clk 0:02:54]} 9. Re1 {[%clk 0:02:47]} e6 {[%clk 0:02:53]}
10. c4 {[%clk 0:02:32]} Bd6 {[%clk 0:02:52]} 11. Nc3 {[%clk 0:02:29]} O-O
{[%clk 0:02:49]} 12. Bg5 {[%clk 0:02:12]} h6 {[%clk 0:02:50]} 13. Bh4
{[%clk 0:02:13]} c5 {[%clk 0:02:46]} 14. dxc5 {[%clk 0:01:59]} Nxc5
{[%clk 0:02:44]} 15. Bc2 {[%clk 0:01:59]} Be7 {[%clk 0:02:00]} 16. Ne5
{[%clk 0:01:58]} Qxd1 {[%clk 0:01:56]} 17. Raxd1 {[%clk 0:01:59]} Rfd8
{[%clk 0:01:54]} 18. b4 {[%clk 0:01:57]} Rxd1 {[%clk 0:01:31]} 19. Rxd1
{[%clk 0:01:58]} g5 {[%clk 0:01:15]} 20. Bg3 {[%clk 0:01:57]} Nce4
{[%clk 0:01:14]} 21. Nxe4 {[%clk 0:01:49]} Bxe4 {[%clk 0:01:12]} 22. Bxe4
{[%clk 0:01:46]} Nxe4 {[%clk 0:01:13]} 23. Nc6 {[%clk 0:01:48]} Bf6
{[%clk 0:01:12]} 24. Rd7 {[%clk 0:01:32]} Rc8 {[%clk 0:01:04]} 25. b5
{[%clk 0:01:32]} a6 {[%clk 0:00:42]} 26. Ra7 {[%clk 0:01:01]} axb5
{[%clk 0:00:37]} 27. cxb5 {[%clk 0:01:02]} Kg7 {[%clk 0:00:26]} 28. Kf1
{[%clk 0:01:00]} h5 {[%clk 0:00:21]} 29. a4 {[%clk 0:00:55]} h4 {[%clk 0:00:21]}
30. Bc7 {[%clk 0:00:56]} Nd2+ {[%clk 0:00:17]} 31. Ke2 {[%clk 0:00:57]} Nc4
{[%clk 0:00:18]} 32. Kd3 {[%clk 0:00:48]} Nb2+ {[%clk 0:00:14]} 33. Ke4
{[%clk 0:00:39]} Nxa4 {[%clk 0:00:13]} 34. Rxa4 {[%clk 0:00:39]} Rxc7
{[%clk 0:00:14]} 35. Ra6 {[%clk 0:00:40]} Rb7 {[%clk 0:00:13]} 36. h3
{[%clk 0:00:37]} Bc3 {[%clk 0:00:12]} 37. Kd3 {[%clk 0:00:32]} Be1
{[%clk 0:00:12]} 38. Ke2 {[%clk 0:00:33]} Bc3 {[%clk 0:00:13]} 39. Ra3
{[%clk 0:00:34]} Bf6 {[%clk 0:00:11]} 40. Rd3 {[%clk 0:00:34]} Rc7
{[%clk 0:00:09]} 41. Ke3 {[%clk 0:00:25]} Kf8 {[%clk 0:00:10]} 42. Ra3
{[%clk 0:00:24]} Rb7 {[%clk 0:00:06]} 43. Ke4 {[%clk 0:00:25]} Kg7
{[%clk 0:00:06]} 44. Ra8 {[%clk 0:00:25]} Bc3 {[%clk 0:00:07]} 45. Rd8
{[%clk 0:00:20]} Be1 {[%clk 0:00:08]} 46. Ke3 {[%clk 0:00:21]} f5
{[%clk 0:00:07]} 47. Rd6 {[%clk 0:00:19]} Kf6 {[%clk 0:00:07]} 48. Nd4
{[%clk 0:00:20]} Re7 {[%clk 0:00:04]} 49. Rxb6 {[%clk 0:00:20]} Bb4
{[%clk 0:00:05]} 50. Rc6 {[%clk 0:00:17]} Ba5 {[%clk 0:00:06]} 51. Nb3
{[%clk 0:00:18]} Bb4 {[%clk 0:00:05]} 52. b6 {[%clk 0:00:19]} Ke5
{[%clk 0:00:05]} 53. Rc4 {[%clk 0:00:15]} Bd6 {[%clk 0:00:06]} 54. Rc8
{[%clk 0:00:09]} Rb7 {[%clk 0:00:07]} 55. Nd2 {[%clk 0:00:09]} Kd5
{[%clk 0:00:07]} 56. Nc4 {[%clk 0:00:10]} Bc5+ {[%clk 0:00:09]} 57. Kd3
{[%clk 0:00:12]} Bxb6 {[%clk 0:00:10]} 58. Rg8 {[%clk 0:00:08]} Bc7
{[%clk 0:00:11]} 59. Ne3+ {[%clk 0:00:08]} Ke5 {[%clk 0:00:11]} 60. Rxg5
{[%clk 0:00:09]} Bd8 {[%clk 0:00:11]} 61. Rg6 {[%clk 0:00:10]} Rc7
{[%clk 0:00:12]} 62. Nc4+ {[%clk 0:00:10]} Kd5 {[%clk 0:00:13]} 63. Ne3+ Ke5 64.
Rg8 {[%clk 0:00:12]} Bf6 {[%clk 0:00:15]} 65. Nc4+ {[%clk 0:00:12]} Kf4
{[%clk 0:00:16]} 66. Re8 {[%clk 0:00:12]} Rd7+ {[%clk 0:00:18]} 67. Ke2
{[%clk 0:00:13]} e5 {[%clk 0:00:13]} 68. Re6 {[%clk 0:00:14]} Bg7
{[%clk 0:00:13]} 69. Ne3 {[%clk 0:00:15]} Ra7 {[%clk 0:00:12]} 70. Nd5+
{[%clk 0:00:13]} Ke4 {[%clk 0:00:13]} 71. Nc3+ {[%clk 0:00:13]} Kd5
{[%clk 0:00:17]} 72. Nxd5 {[%clk 0:00:09]} 0-1

[Event "Blitz 2018"]
[Site "Saint-Petersburg"]
[Date "2018.12.30"]
[Round "19"]
[Board "62"]
[White "Frolyanov Dmitry (RUS)"]
[Black "Fakhrutdinov Timur (RUS)"]
[Result "1-0"]
[LiveChessVersion "1.4.8"]
[BlackElo "2357"]
[WhiteElo "2557"]

1. e4 {[%clk 0:03:02]} e5 {[%clk 0:03:03]} 2. Nf3 {[%clk 0:03:03]} Nc6
{[%clk 0:03:04]} 3. Bb5 {[%clk 0:03:04]} Nf6 {[%clk 0:03:05]} 4. O-O
{[%clk 0:03:05]} Nxe4 {[%clk 0:03:05]} 5. d4 {[%clk 0:03:06]} Nd6
{[%clk 0:03:05]} 6. Bxc6 {[%clk 0:03:07]} dxc6 {[%clk 0:03:06]} 7. dxe5
{[%clk 0:03:08]} Nf5 {[%clk 0:03:06]} 8. Qxd8+ {[%clk 0:03:09]} Kxd8
{[%clk 0:03:07]} 9. h3 {[%clk 0:03:10]} Be7 {[%clk 0:03:06]} 10. Nc3
{[%clk 0:03:05]} Nh4 {[%clk 0:03:06]} 11. Nd4 {[%clk 0:02:56]} Nf5
{[%clk 0:02:42]} 12. Nde2 {[%clk 0:02:57]} c5 {[%clk 0:02:12]} 13. Rd1+
{[%clk 0:02:48]} Bd7 {[%clk 0:01:48]} 14. Nd5 {[%clk 0:02:49]} Re8
{[%clk 0:01:36]} 15. g4 {[%clk 0:02:30]} Nh4 {[%clk 0:01:35]} 16. Bf4
{[%clk 0:02:01]} Ng6 {[%clk 0:00:41]} 17. Bg3 {[%clk 0:01:53]} Bh4
{[%clk 0:00:32]} 18. Bxh4+ {[%clk 0:01:28]} Nxh4 {[%clk 0:00:33]} 19. f4
{[%clk 0:01:29]} Kc8 {[%clk 0:00:14]} 20. Kf2 {[%clk 0:01:28]} Ng6
{[%clk 0:00:14]} 21. Kg3 {[%clk 0:01:06]} b6 {[%clk 0:00:09]} 22. h4
{[%clk 0:00:56]} Bc6 {[%clk 0:00:08]} 23. h5 {[%clk 0:00:54]} Ne7
{[%clk 0:00:06]} 24. c4 {[%clk 0:00:55]} Kb7 {[%clk 0:00:06]} 25. Nec3
{[%clk 0:00:53]} Ng8 {[%clk 0:00:04]} 26. Rd3 {[%clk 0:00:50]} f6
{[%clk 0:00:04]} 27. exf6 {[%clk 0:00:46]} Nxf6 {[%clk 0:00:04]} 28. Nxf6
{[%clk 0:00:42]} gxf6 {[%clk 0:00:05]} 29. Rad1 {[%clk 0:00:36]} Re7
{[%clk 0:00:03]} 30. Nd5 {[%clk 0:00:29]} Rf7 {[%clk 0:00:04]} 31. Re1
{[%clk 0:00:25]} Rg8 {[%clk 0:00:05]} 32. f5 {[%clk 0:00:21]} h6 {[%clk 0:00:04]}
33. Ree3 {[%clk 0:00:16]} Rgf8 {[%clk 0:00:04]} 34. Ne7 {[%clk 0:00:14]} Be8
{[%clk 0:00:03]} 35. Ng6 {[%clk 0:00:15]} Rg8 {[%clk 0:00:04]} 36. Rd8
{[%clk 0:00:16]} 1-0

[Event "Blitz 2018"]
[Site "Saint-Petersburg"]
[Date "2018.12.30"]
[Round "19"]
[Board "63"]
[White "Iljiushenok Ilia (RUS)"]
[Black "Jumabayev Rinat (KAZ)"]
[Result "0-1"]
[LiveChessVersion "1.4.8"]
[BlackElo "2554"]
[WhiteElo "2467"]

1. e4 {[%clk 0:03:02]} e5 {[%clk 0:03:04]} 2. Nf3 {[%clk 0:03:03]} Nc6
{[%clk 0:03:05]} 3. d4 {[%clk 0:03:03]} exd4 {[%clk 0:03:06]} 4. Nxd4
{[%clk 0:03:04]} Bc5 {[%clk 0:03:06]} 5. Be3 {[%clk 0:03:05]} Qf6
{[%clk 0:03:05]} 6. c3 {[%clk 0:03:06]} Nge7 {[%clk 0:03:04]} 7. Bc4
{[%clk 0:03:07]} O-O {[%clk 0:02:58]} 8. O-O {[%clk 0:03:08]} Bb6
{[%clk 0:02:45]} 9. Bb3 {[%clk 0:03:05]} d6 {[%clk 0:02:43]} 10. Nb5
{[%clk 0:03:05]} Ba5 {[%clk 0:02:32]} 11. Nd2 {[%clk 0:02:51]} a6
{[%clk 0:02:29]} 12. Na3 {[%clk 0:02:50]} b5 {[%clk 0:02:28]} 13. Nc2
{[%clk 0:02:47]} Ne5 {[%clk 0:02:28]} 14. f4 {[%clk 0:02:25]} Nd3
{[%clk 0:02:11]} 15. Nd4 {[%clk 0:01:29]} Bb7 {[%clk 0:02:01]} 16. Bc2
{[%clk 0:01:22]} Nxb2 {[%clk 0:02:01]} 17. Qh5 {[%clk 0:01:09]} Qg6
{[%clk 0:01:56]} 18. Qh4 {[%clk 0:01:10]} Bxc3 {[%clk 0:01:52]} 19. Qxe7
{[%clk 0:01:07]} Rac8 {[%clk 0:01:18]} 20. N4f3 {[%clk 0:00:58]} Rfe8
{[%clk 0:00:38]} 21. Qh4 {[%clk 0:00:59]} Qf6 {[%clk 0:00:31]} 22. Qh3
{[%clk 0:00:58]} h6 {[%clk 0:00:27]} 23. e5 {[%clk 0:00:54]} dxe5
{[%clk 0:00:27]} 24. fxe5 {[%clk 0:00:54]} Bxe5 {[%clk 0:00:24]} 25. Rae1
{[%clk 0:00:46]} Qd6 {[%clk 0:00:17]} 26. Nxe5 {[%clk 0:00:39]} Rxe5
{[%clk 0:00:16]} 27. Ne4 {[%clk 0:00:32]} Qe7 {[%clk 0:00:11]} 28. Bd4
{[%clk 0:00:32]} Nc4 {[%clk 0:00:10]} 29. Bxe5 {[%clk 0:00:31]} Nxe5
{[%clk 0:00:11]} 30. Kh1 {[%clk 0:00:29]} Rd8 {[%clk 0:00:11]} 31. Ng3
{[%clk 0:00:23]} Rd2 {[%clk 0:00:10]} 32. Be4 {[%clk 0:00:23]} c6
{[%clk 0:00:05]} 33. Nf5 {[%clk 0:00:23]} Qg5 {[%clk 0:00:06]} 34. Qe3
{[%clk 0:00:14]} g6 {[%clk 0:00:04]} 35. Qxg5 {[%clk 0:00:14]} hxg5
{[%clk 0:00:05]} 36. Ne3 {[%clk 0:00:09]} Rxa2 {[%clk 0:00:06]} 37. Bb1
{[%clk 0:00:08]} Rd2 {[%clk 0:00:05]} 38. Nf5 {[%clk 0:00:04]} Nc4
{[%clk 0:00:04]} 39. Ne7+ {[%clk 0:00:04]} Kg7 {[%clk 0:00:05]} 40. Be4
{[%clk 0:00:03]} Nd6 {[%clk 0:00:06]} 41. Bxc6 {[%clk 0:00:04]} b4
{[%clk 0:00:06]} 42. Bxb7 {[%clk 0:00:05]} Nxb7 {[%clk 0:00:08]} 43. Nc6
{[%clk 0:00:06]} a5 {[%clk 0:00:09]} 44. Ra1 {[%clk 0:00:07]} Rd5
{[%clk 0:00:10]} 45. Rfb1 {[%clk 0:00:06]} Rc5 {[%clk 0:00:10]} 46. Nd4
{[%clk 0:00:06]} Rd5 {[%clk 0:00:11]} 47. Nb3 {[%clk 0:00:07]} g4
{[%clk 0:00:12]} 48. Ra2 {[%clk 0:00:07]} f5 {[%clk 0:00:07]} 49. Rba1
{[%clk 0:00:08]} Kh6 {[%clk 0:00:08]} 50. Nxa5 Nc5 {[%clk 0:00:09]} 51. Rb2
{[%clk 0:00:09]} Rd4 {[%clk 0:00:09]} 52. Rab1 {[%clk 0:00:10]} Ne4
{[%clk 0:00:06]} 53. Rxb4 {[%clk 0:00:09]} Rd5 {[%clk 0:00:07]} 54. R4b2
{[%clk 0:00:10]} Rxa5 {[%clk 0:00:08]} 55. Re2 {[%clk 0:00:08]} Nc3
{[%clk 0:00:09]} 56. Rbe1 {[%clk 0:00:08]} Nxe2 {[%clk 0:00:10]} 0-1

[Event "Blitz 2018"]
[Site "Saint-Petersburg"]
[Date "2018.12.30"]
[Round "19"]
[Board "64"]
[White "Shinkevich Vitaly (RUS)"]
[Black "Goganov Aleksey (RUS)"]
[Result "1/2-1/2"]
[LiveChessVersion "1.4.8"]
[BlackElo "2539"]
[WhiteElo "2445"]

1. d4 {[%clk 0:03:02]} d5 {[%clk 0:03:03]} 2. c4 {[%clk 0:03:03]} c6
{[%clk 0:03:04]} 3. Nf3 {[%clk 0:03:04]} Nf6 {[%clk 0:03:05]} 4. Nc3
{[%clk 0:03:04]} dxc4 {[%clk 0:03:06]} 5. a4 {[%clk 0:03:04]} a5 {[%clk 0:03:06]}
6. e4 {[%clk 0:03:02]} Bg4 {[%clk 0:03:06]} 7. Bxc4 {[%clk 0:02:59]} e6
{[%clk 0:03:06]} 8. Be3 {[%clk 0:02:59]} Nbd7 {[%clk 0:03:05]} 9. O-O
{[%clk 0:02:48]} Bb4 {[%clk 0:03:05]} 10. e5 {[%clk 0:02:34]} Nd5
{[%clk 0:03:05]} 11. Nxd5 {[%clk 0:02:35]} cxd5 {[%clk 0:02:55]} 12. Be2
{[%clk 0:02:34]} O-O {[%clk 0:02:52]} 13. Ng5 {[%clk 0:02:33]} Bxe2
{[%clk 0:02:51]} 14. Qxe2 {[%clk 0:02:34]} h6 {[%clk 0:02:48]} 15. Nh3
{[%clk 0:02:34]} f5 {[%clk 0:02:33]} 16. Nf4 {[%clk 0:02:29]} Qe8
{[%clk 0:02:28]} 17. Rac1 {[%clk 0:02:24]} g5 {[%clk 0:02:11]} 18. Nd3
{[%clk 0:02:25]} f4 {[%clk 0:02:05]} 19. Bd2 {[%clk 0:01:53]} f3 {[%clk 0:02:02]}
20. gxf3 {[%clk 0:01:50]} Bxd2 {[%clk 0:02:01]} 21. Qxd2 {[%clk 0:01:51]} Rxf3
{[%clk 0:02:02]} 22. Ne1 {[%clk 0:01:49]} Rf4 {[%clk 0:01:48]} 23. Ng2
{[%clk 0:01:48]} Rf3 {[%clk 0:01:45]} 24. Rc7 {[%clk 0:01:44]} Nf8
{[%clk 0:01:42]} 25. Qe2 {[%clk 0:01:39]} Rf7 {[%clk 0:01:37]} 26. Rxf7
{[%clk 0:01:38]} Qxf7 {[%clk 0:01:38]} 27. f4 {[%clk 0:01:39]} Qg7
{[%clk 0:01:33]} 28. fxg5 {[%clk 0:01:22]} hxg5 {[%clk 0:01:33]} 29. Ne3
{[%clk 0:01:23]} Nh7 {[%clk 0:01:32]} 30. Qg4 {[%clk 0:01:22]} Qe7
{[%clk 0:01:27]} 31. Qh5 {[%clk 0:00:56]} Rf8 {[%clk 0:01:10]} 32. Qg6+
{[%clk 0:00:57]} Kh8 {[%clk 0:01:11]} 33. Rxf8+ {[%clk 0:00:57]} Nxf8
{[%clk 0:01:00]} 34. Qh6+ {[%clk 0:00:57]} Kg8 {[%clk 0:00:55]} 35. Ng4
{[%clk 0:00:57]} Qg7 {[%clk 0:00:52]} 36. Nf6+ {[%clk 0:00:50]} Kf7
{[%clk 0:00:53]} 37. Qh3 {[%clk 0:00:12]} Qg6 {[%clk 0:00:51]} 38. Qb3
{[%clk 0:00:12]} Qb1+ {[%clk 0:00:45]} 39. Kg2 {[%clk 0:00:13]} Kg6
{[%clk 0:00:31]} 40. Qb5 {[%clk 0:00:13]} Qc2+ {[%clk 0:00:29]} 41. Kg3
{[%clk 0:00:13]} Kf5 {[%clk 0:00:17]} 42. Qf1+ {[%clk 0:00:14]} Kg6
{[%clk 0:00:19]} 43. Qb5 {[%clk 0:00:15]} Kf5 {[%clk 0:00:20]} 44. Qf1+
{[%clk 0:00:16]} Kg6 {[%clk 0:00:22]} 45. Qb5 {[%clk 0:00:14]} Kf5
{[%clk 0:00:23]} 46. Qf1+ {[%clk 0:00:04]} Kg6 {[%clk 0:00:24]} 1/2-1/2

[Event "Blitz 2018"]
[Site "Saint-Petersburg"]
[Date "2018.12.30"]
[Round "19"]
[Board "65"]
[White "Levin Evgeny A. (RUS)"]
[Black "Petrov Nikita (RUS)"]
[Result "1/2-1/2"]
[LiveChessVersion "1.4.8"]
[BlackElo "2468"]
[WhiteElo "2539"]

1. d4 {[%clk 0:03:03]} Nf6 {[%clk 0:03:03]} 2. Nf3 {[%clk 0:03:04]} d5
{[%clk 0:03:04]} 3. Bg5 {[%clk 0:03:04]} Ne4 {[%clk 0:03:05]} 4. Bf4
{[%clk 0:03:05]} c5 {[%clk 0:03:03]} 5. c3 {[%clk 0:03:06]} Qb6 {[%clk 0:03:03]}
6. Qb3 {[%clk 0:03:06]} c4 {[%clk 0:03:00]} 7. Qc2 {[%clk 0:03:07]} Bf5
{[%clk 0:02:53]} 8. Qc1 {[%clk 0:03:08]} Nc6 {[%clk 0:02:46]} 9. e3
{[%clk 0:03:08]} h6 {[%clk 0:02:43]} 10. h3 {[%clk 0:02:53]} e6 {[%clk 0:02:44]}
11. Nbd2 {[%clk 0:02:53]} Be7 {[%clk 0:02:45]} 12. Be2 {[%clk 0:02:52]} O-O
{[%clk 0:02:44]} 13. O-O {[%clk 0:02:52]} Qd8 {[%clk 0:02:45]} 14. Nxe4
{[%clk 0:02:51]} Bxe4 {[%clk 0:02:46]} 15. Nd2 {[%clk 0:02:51]} Bg6
{[%clk 0:02:46]} 16. e4 {[%clk 0:02:43]} b5 {[%clk 0:02:46]} 17. Bf3
{[%clk 0:02:36]} Rc8 {[%clk 0:02:36]} 18. exd5 {[%clk 0:02:20]} exd5
{[%clk 0:02:37]} 19. Re1 {[%clk 0:02:16]} Bd6 {[%clk 0:02:16]} 20. Nf1
{[%clk 0:02:11]} b4 {[%clk 0:02:07]} 21. Bxd6 {[%clk 0:01:53]} Qxd6
{[%clk 0:02:08]} 22. Ne3 {[%clk 0:01:54]} Ne7 {[%clk 0:02:04]} 23. Ng4
{[%clk 0:01:54]} Rb8 {[%clk 0:01:36]} 24. Ne5 {[%clk 0:01:53]} Bf5
{[%clk 0:01:32]} 25. Qf4 {[%clk 0:01:43]} Rb6 {[%clk 0:01:16]} 26. Qe3
{[%clk 0:00:53]} Be6 {[%clk 0:01:07]} 27. Bg4 {[%clk 0:00:49]} Bxg4
{[%clk 0:01:05]} 28. hxg4 {[%clk 0:00:48]} Ng6 {[%clk 0:00:58]} 29. g5
{[%clk 0:00:39]} hxg5 {[%clk 0:00:41]} 30. Qxg5 {[%clk 0:00:39]} Nxe5
{[%clk 0:00:42]} 31. dxe5 {[%clk 0:00:38]} Qg6 {[%clk 0:00:25]} 32. Qd2
{[%clk 0:00:36]} bxc3 {[%clk 0:00:24]} 33. bxc3 {[%clk 0:00:36]} Qe6
{[%clk 0:00:23]} 34. Rad1 {[%clk 0:00:34]} Rb5 {[%clk 0:00:24]} 35. Qe3
{[%clk 0:00:32]} Ra5 {[%clk 0:00:25]} 1/2-1/2